Miejscowości Gminy Wojaszówka - Statystyki

Ogólne statystyki
  • Ten quiz został rozwiązany 65 razy
  • Średni wynik to 8 z 11
Statystyki odpowiedzi
Miejscowość % Poprawnych
Wojaszówka
100%
Przybówka
92%
Bajdy
83%
Odrzykoń
83%
Łęki Strzyżowskie
75%
Ustrobna
75%
Wojkówka
75%
Bratkówka
67%
Rzepnik
67%
Łączki Jagiellońskie
58%
Pietrusza Wola
50%
Nie znaleziono quizów pasujących do podanych kryteriów
Rozkład punktacji
Procent ludzi z każdym wynikiem
Percentyl według liczby udzielonych odpowiedzi
Twoja historia wyników
Nie rozwiązałeś tego quizu